Hoá kỹ thuật : (Giáo trình dùng cho sinh viên ngành Hoá học)

Bewaard in:
Bibliografische gegevens
Hoofdauteur: Phạm Nguyên Chương
Formaat: Boek
Taal:Vietnamese
Gepubliceerd in: Khoa học và kỹ thuật 2002
Tags: Voeg label toe
Geen labels, Wees de eerste die dit record labelt!
Thư viện lưu trữ: Mạng thư viện Đại học Đà Nẵng
LEADER 00739nam a2200253 4500
001 000020975
003 17422
005 20150331150317.0
008 150331s2002 viesd
020 |c 52.000 
041 0 |a vie 
082 1 4 |a 660  |b PH-C 
100 1 |a Phạm Nguyên Chương 
245 1 0 |a Hoá kỹ thuật : (Giáo trình dùng cho sinh viên ngành Hoá học)  |c Phạm Nguyên Chương (chủ biên), Nguyễn Văn Nội, Hoa Hữu Thu.. 
260 |b Khoa học và kỹ thuật  |c 2002 
300 |a tr.  |c cm. 
OWN |a LSP 
999 |a From the UDN01 
TYP |a Monograph 
TYP |a Printed language 
980 |a Mạng thư viện Đại học Đà Nẵng